Independencia y revolución: pasado, presente y futuro

Guardat en:
Dades bibliogràfiques
Autors principals: Leyva, Gustavo (Autor), Connaughton, Brian (Autor), Díaz, Rodrigo (Autor), García Canclini, Néstor (Autor), Illades, Carlos (Autor)
Format: Llibre
Idioma:espanyol
Publicat: Ciudad de México UAM 2010
Ciudad de México Fondo de Cultura Económica 2010
Edició:1a. ed
Col·lecció:Sección Obras de Historia
Matèries:
Etiquetes: Afegir etiqueta
Sense etiquetes, Sigues el primer a etiquetar aquest registre!

MARC

LEADER 00000cam a2200000 a 4500
001 UCF4046
003 CL-VaPUC
008 121115e20100000MX |||||||||||||||||spa|d
020 |a 9786074773385 
082 0 4 |a 972.03  |b LEY  |2 21 
100 |a Leyva, Gustavo  |e author  |9 592247 
700 0 |a Connaughton, Brian  |e author  |9 565687 
700 0 |a Díaz, Rodrigo  |e author  |9 565688 
700 0 |a García Canclini, Néstor  |e author  |9 555898 
700 0 |a Illades, Carlos  |e author  |9 565689 
245 1 0 |a Independencia y revolución: pasado, presente y futuro 
250 |a 1a. ed 
300 |a 819 p 
942 |c BK 
945 |d 20121115 00:00:00  |a dcastane 
260 |a Ciudad de México  |b UAM  |c 2010 
260 |a Ciudad de México  |b Fondo de Cultura Económica  |c 2010 
650 0 |a Historia de México  |9 321806 
650 7 |a HISTORIA DE MEXICO SIGLO 19  |2 CL-VaPUC  |9 406852 
650 7 |a INDEPENDENCIA NACIONAL  |2 CL-VaPUC  |9 372307 
650 0 |a Revolución mexicana   |9 369585 
583 |a last modification  |c 20121115 10:00:00  |k Rodrigo Vera 
490 0 |a Sección Obras de Historia 
999 |c 350042  |d 350040 
952 |0 0  |1 0  |4 0  |6 972_030000000000000_LEY_2010_2010  |7 0  |8 A  |9 453013  |a BIBHIS  |b BIBHIS  |d 2019-11-22  |i 4924045  |o 972.03 LEY 2010 2010  |p 4924045  |r 2025-01-20  |w 2019-11-22  |y BK  |k HIS